Las actitudes ante la muerte, testimonios en la literatura testimonial de la Primera Guerra Mundial /
Este texto analiza las actitudes ante la muerte en la literatura testimonial de la Primera Guerra Mundial. La finalidad de esto es mostrar de qué manera la muerte como paso a la eternidad, significó dar la vida en aras de una buena causa, por lo que se consideraba una voluntad nacional, con la cual...
Kaydedildi:
| Yazar: | |
|---|---|
| Materyal Türü: | Bilinmiyor |
| Dil: | Spanish |
| Online Erişim: | http://revistas.ucr.ac.cr/index.php/sociales/article/view/22678/22899 |
| Etiketler: |
Etiketle
Etiket eklenmemiş, İlk siz ekleyin!
|
MARC
| LEADER | 00000 a2200000 4500 | ||
|---|---|---|---|
| 008 | 160301s2015 cr ||||| ||||a00| 0 spa d | ||
| 022 | |a 2215-2601 | ||
| 041 | |a spa | ||
| 100 | 1 | |a Rodríguez López, José Rodrigo | |
| 245 | |a Las actitudes ante la muerte, testimonios en la literatura testimonial de la Primera Guerra Mundial / |c José Rodrigo Rodríguez López | ||
| 300 | |a 11-22 páginas | ||
| 520 | |a Este texto analiza las actitudes ante la muerte en la literatura testimonial de la Primera Guerra Mundial. La finalidad de esto es mostrar de qué manera la muerte como paso a la eternidad, significó dar la vida en aras de una buena causa, por lo que se consideraba una voluntad nacional, con la cual se alcanzaba el recuerdo indeleble de sus compatriotas y el bien morir. | ||
| 773 | 0 | |w 6769666 |x 0482-5276 |d [San José] Editorial Universidad de Costa Rica |t Revista de ciencias sociales |g Volumen 149 (2015) |q 11-22 páginas | |
| 856 | 3 | 0 | |u http://revistas.ucr.ac.cr/index.php/sociales/article/view/22678/22899 |
| 942 | |2 ddc |c ARC | ||
| 999 | |c 4597 |d 4597 | ||
